| 000 | 00000nas 2200000za 4500 |
| 001 | 9.814249 |
| 003 | CaOODSP |
| 005 | 20221107141734 |
| 007 | cr ||||||||||| |
| 008 | 160404d18781923oncar p o||||f0 a0eng|d |
| 040 | |aCaOODSP|beng |
| 041 | |aeng|afre |
| 043 | |an-cn--- |
| 086 | 1 |aJU1-1-1E-pdf |
| 110 | 1 |aCanada. |bSupreme Court. |
| 245 | 10|aReports of the Supreme Court of Canada |h[electronic resource]. |
| 260 | |aOttawa : |bQueen's Printer, |c1878-1923. |
| 310 | |aIrregular |
| 362 | 0 |aVol. 1 -v. 64, no. 3. |
| 500 | |aImprint varies. |
| 500 | |aDigitized edition from print [produced by the Supreme Court of Canada]. |
| 546 | |aIncludes some text in French. |
| 690 | 07|aCourt decisions|2gcpds |
| 785 | 00|tCanada law reports |w(CaOODSP)9.814239 |
| 792 | |tReports of the Supreme Court of Canada |efre|w(CaOODSP)9.814254 |